| 000 | 00413nam a2200145Ia 4500 | ||
|---|---|---|---|
| 008 | 220217s9999||||xx |||||||||||||| ||und|| | ||
| 020 | _a81-203-2155-3 | ||
| 082 | _a004.22 KEN | ||
| 100 |
_aKendall, Kenneth, E Kendall, Julie, E _93113 |
||
| 245 | 0 | _aSystems analysis and design | |
| 250 | _a5th | ||
| 260 |
_aPrentice hall of india _bNew Delhi _c2002 |
||
| 300 | _b495 | ||
| 650 | _aCOMPUTER ARCHITECTURE | ||
| 999 |
_c170844 _d170844 |
||